Catálogo de la Biblioteca Horacio González - Universidad Nacional de General Sarmiento

Diccionario del teatro (Registro nro. 17561)

Detalles MARC
000 -CABECERA
campo de control de longitud fija 01105nam a22003370a 4500
001 - NÚMERO DE CONTROL
campo de control PT18361
003 - IDENTIFICADOR DEL NÚMERO DE CONTROL
campo de control AR-LpoUNG
005 - FECHA Y HORA DE LA ÚLTIMA TRANSACCIÓN
campo de control 20210131232808.0
008 - DATOS DE LONGITUD FIJA--INFORMACIÓN GENERAL
campo de control de longitud fija 191001s2003||||ag |||||||||||||||||spa d
020 ## - NÚMERO INTERNACIONAL ESTÁNDAR DEL LIBRO
Número Internacional Estándar del Libro 9501275000
Condiciones de disponibilidad $26.66
040 ## - FUENTE DE LA CATALOGACIÓN
Centro catalogador/agencia de origen AR-LpoUNG
Lengua de catalogación spa
Centro/agencia transcriptor AR-LpoUNG
Normas de descripción aacr
041 ## - CÓDIGO DE LENGUA
Código de lengua del texto/banda sonora o título independiente spa
044 ## - CÓDIGO DEL PAÍS DE LA ENTIDAD EDITORA/PRODUCTORA
Código MARC del país ag
082 0# - NÚMERO DE LA CLASIFICACIÓN DECIMAL DEWEY
Número de clasificación R801.952 337dic
100 1# - ENTRADA PRINCIPAL--NOMBRE DE PERSONA
Nombre de persona Pavis, Patrice
245 10 - MENCIÓN DE TÍTULO
Título Diccionario del teatro
250 ## - MENCIÓN DE EDICIÓN
Mención de edición 1ra. ed.
260 ## - PUBLICACIÓN, DISTRIBUCIÓN, ETC.
Lugar de publicación, distribución, etc. Buenos Aires :
Nombre del editor, distribuidor, etc. Paidós,
Fecha de publicación, distribución, etc. 2003.
300 ## - DESCRIPCIÓN FÍSICA
Extensión 558 p. :
Otras características físicas fot.
520 ## - SUMARIO, ETC.
Sumario, etc. Contiene alrededor de quinientos términos tanto clásicos como de uso reciente. Informa al lector sobre el vocabulario crítico y los métodos de análisis del texto y de la representación en materia teatral; profundizando los conceptos de dramaturgia, de puesta en escena y de semiótica relacionados con el tema.
650 #4 - PUNTO DE ACCESO ADICIONAL DE MATERIA--TÉRMINO DE MATERIA
Término de materia o nombre geográfico como elemento de entrada ARTE
650 #4 - PUNTO DE ACCESO ADICIONAL DE MATERIA--TÉRMINO DE MATERIA
Término de materia o nombre geográfico como elemento de entrada ARTES DRAMATICAS
653 ## - TÉRMINO DE INDIZACIÓN--NO CONTROLADO
Término no controlado ACTORES
653 ## - TÉRMINO DE INDIZACIÓN--NO CONTROLADO
Término no controlado MIMESIS
653 ## - TÉRMINO DE INDIZACIÓN--NO CONTROLADO
Término no controlado MIMICA
653 ## - TÉRMINO DE INDIZACIÓN--NO CONTROLADO
Término no controlado MUSICA
653 ## - TÉRMINO DE INDIZACIÓN--NO CONTROLADO
Término no controlado REPRESENTACION
700 1# - PUNTO DE ACCESO ADICIONAL--NOMBRE DE PERSONA
Nombre de persona Ubersfeld, Anne
Término indicativo de función/relación pref.
905 ## - ELEMENTOS DE DATOS E LOCAL, LDE (RLIN)
a 18361
942 ## - ELEMENTOS DE PUNTO DE ACCESO ADICIONAL (KOHA)
Tipo de ítem Koha Lectura en Sala
Existencias
Estado de retiro Estado de pérdida Estado dañado No para préstamo Código de colección Localización permanente Ubicación/localización actual Fecha de adquisición Total de préstamos Signatura topográfica completa Código de barras Fecha visto por última vez Precio válido a partir de Tipo de ítem Koha
        Colección Referencia Biblioteca Universidad Nacional de General Sarmiento Biblioteca Universidad Nacional de General Sarmiento 31/01/2021   801.952 337dic S00019647 31/01/2021 31/01/2021 Lectura en Sala
        Colección Referencia Biblioteca Universidad Nacional de General Sarmiento Biblioteca Universidad Nacional de General Sarmiento 31/01/2021   801.952 337dic S00037272 31/01/2021 31/01/2021 Lectura en Sala
        Colección Referencia Biblioteca Universidad Nacional de General Sarmiento Biblioteca Universidad Nacional de General Sarmiento 31/01/2021   801.952 337dic S00037273 31/01/2021 31/01/2021 Lectura en Sala
        Colección Referencia Biblioteca Universidad Nacional de General Sarmiento Biblioteca Universidad Nacional de General Sarmiento 31/01/2021   801.952 337dic S00046597 31/01/2021 31/01/2021 Lectura en Sala